000 00372nam a22001577a 4500
003 OSt
005 20240403162138.0
008 240403b |||||||| |||| 00| 0 eng d
040 _cCentral Library MRSPTU
100 _aGaelle Graham
245 _aTeach Yourself French
250 _a1st
260 _aLondon
_bHodder Education
_c1998
300 _a370
942 _2ddc
_cBK
_n0
999 _c9977
_d9977